| 000 | 00488nam a2200205Ia 4500 | ||
|---|---|---|---|
| 008 | 210210b1966 xxu||||| |||| 00| 0 eng d | ||
| 041 | _aeng | ||
| 082 | _a370/30 | ||
| 100 | _aINDIA (Government of) | ||
| 245 | _aReport of the education commission 1964-66 | ||
| 260 |
_aDelhi _bMinistry of education _c1966 |
||
| 650 | _athe | ||
| 650 | _aReport | ||
| 650 | _aof | ||
| 650 | _aeducation | ||
| 650 | _acommission | ||
| 650 | _a1964-66 | ||
| 690 | _aEducation | ||
| 906 | _a004970 | ||
| 999 |
_c128644 _d128644 |
||